000 00662cam a2200193 4500
005 20220118113559.0
008 200122b ag ||||| |||| 00| 0 spa d
050 0 4 _aK85
_bS28 1979
100 1 _aSavigny, Friedrich Karl von
_d1779-1861,
_eautor
240 1 0 _aJuristische methodenlehre
_lEspañol
245 1 0 _aMetodología jurídica
_c/ Friedrich Karl Von Savigny ; traducción de J.J. Santa-Pinter
250 _a1a ed.
260 _aBuenos Aires :
_bDepalma,
_c1979
300 _a89 p. :
_c21 cm.
650 7 _2lemb.
_aDerecho
_xMetodología
650 7 _2lemb.
_aInterpretación del derecho
700 1 _aSanta-Pinter, J.J.
_etraductor
942 _2lcc
_cLIB
999 _c126518
_d126518